000
00256nam a22001097a 4500
082
_a
629.2 MOT'C
100
_a
DAVIDSON, C. P,COKER, A. J
_9
76411
245
_a
MOTOR ENGINEERS POCKET BOOK
260
_a
LONDON
_b
GEORGE
_c
1959
300
_a
288P
942
_c
BK
999
_c
581802
_d
581802